00341nam a2200145Ia 4500008004100000020001500041041001200056082001600068100001400084245003400098260002500132300000800157650001400165700001600179221030s9999 xx 000 0 und d a0074632132 aEnglish a105.23bKol aB. Kolste 0aOracle Power Objects Handbook bTMHaNew Delhic1997 a567 aComputers aD. Petersen